Statistics for DJMag Top 100 DJs 2019

Click here to take the quiz!

General Stats

  • This quiz has been taken 20 times
  • The average score is 26 of 100

Answer Stats

HintAnswer% Correct
3David Guetta
94%
79Andy C
88%
2Martin Garrix
88%
8Tiësto
88%
4Armin van Buuren
82%
1Dimitri Vegas & Like Mike
82%
61Alesso
71%
9Afrojack
65%
12Hardwell
65%
78Lucas & Steve
65%
24Nervo
65%
17W & W
65%
5Marshmello
59%
10Steve Aoki
59%
19Calvin Harris
53%
20Lost Frequencies
53%
49Mariana Bo
53%
6Don Diablo
47%
52Kygo
47%
26The Chainsmokers
47%
27Alan Walker
41%
35Carl Cox
41%
15KSHMR
41%
14R3hab
41%
58Steve Angello
41%
31Vini VIci
41%
63FISHER
35%
25QUINTINO
35%
21Skrillex
35%
13Timmy Trumpet
35%
44Alison Wonderland
29%
11Alok
29%
34Bassjackers
29%
68Da Tweekaz
29%
16DJ Snake
29%
23DVBBS
29%
18Eric Prydz
29%
30Fedde Le Grand
29%
7Oliver Heldens
29%
82Robin Schulz
29%
42Swedish House Mafia
29%
28VINAI
29%
90Black Coffee
24%
74Charlotte De Witte
24%
67Diplo
24%
29Headhunterz
24%
51MATTN
24%
37Nicky Romero
24%
47Vintage Culture
24%
57Will Sparks
24%
36Blasterjaxx
18%
85Boris Brejcha
18%
71deadmau5
18%
64ILLENIUM
18%
32Ummet Ozcan
18%
83Vicetone
18%
46Cat Dealers
12%
65Deorro
12%
96D.O.D
12%
45Martin Jensen
12%
54Mike Williams
12%
91Paul Kalkbrenner
12%
87Paul van Dyk
12%
100Solomun
12%
50Zedd
12%
703 Are Legend
6%
22Above & Beyond
6%
48Adam Beyer
6%
33Angerfist
6%
39ATB
6%
53Claptone
6%
59Ferry Corsten
6%
93Julian Jordan
6%
40Kura
6%
88Solardo
6%
43Tujamo
6%
75Warface
6%
38Wolfpack
6%
77Yellow Claw
6%
62Breathe Carolina
0%
73Carl Nunes
0%
72Carta
0%
76Cedric Gervais
0%
92Daddy's Groove
0%
41Danny Avila
0%
81Deniz Koyu
0%
55Diego Miranda
0%
98Florian Picasso
0%
97Henry PFR
0%
86Marco Carola
0%
69Miss K8
0%
60Nina Kraviz
0%
80Peggy Gou
0%
94Rave Republic
0%
66Richie Hawtin
0%
95Sub Zero Project
0%
99Swanky Tunes
0%
89Thomas Gold
0%
84Tom & Collins
0%
56Yves V
0%

Score Distribution

Percentile by Number Answered

Percent of People with Each Score

Your Score History

You have not taken this quiz